000 00828nam a22002537a 4500
005 20170124110230.0
010 _aA-949887
020 _c00.00
_a8187031131
035 _aA-949887
037 _bCen Lib/Ret
040 _aDPL
_bEN
082 _a347.075
_bAIY
100 _aAiyar, P. Ramanathan
_941191
245 _aThe principels and precedents of the art of cross examination :
_cby P. Ramanathan Aiyar [and] P. Raghava Aiyar
_bcivil and criminal /
250 _a9th ed
260 _aAllahbad
_bThe Law Book Co.
_c1998
270 _a1-004, Sardar Patel Marg
_b Allahbad
_e211001
300 _acxxxv,1199p.
_c24cm(Hb)
500 _aIncludes index
650 _aCross-examination
_941192
650 _aUnited States
_941193
700 _aAiyar, P. Raghava
_932298
942 _2ddc
_cEN
_h347.075
_mAIY
999 _c134599
_d134599